00373nam a2200133Ia 45000010005000000080041000050200022000460820021000681000041000892450045001302600021001759010028001969990015002242702241024s9999 xx 000 0 und d a978-9945-074-70-3 aRD/972.84/AR673s aArchivo General de la Nación (AGN) 0aEl Salvador, Historia Mínima 1811-2011 bEd. Búhoc2012 a27/12/2012 4:22:21 p.m. c7617d7617